|
|
|
|
| LEADER |
00893nam a22002537a 4500 |
| 001 |
AAL5830 |
| 003 |
BD-DhAAL |
| 005 |
20160111200739.0 |
| 008 |
160111b20042003naua|||| |||| 001 0 eng d |
| 020 |
|
|
|a 1861976593
|
| 040 |
|
|
|a BD-DhAAL
|c BD-DhAAL
|
| 082 |
|
|
|a 658.4/012
|
| 100 |
|
|
|a Garratt, Bob
|9 17305
|
| 245 |
|
|
|a Developing strategic thought :
|b a collection of the best thinking on business strategy /
|c Bob Garratt
|
| 260 |
|
|
|a London :
|b Profile, .
|c 2004
|
| 300 |
|
|
|a xxii, 377 p. :
|b ill. ;
|c 20 cm.
|
| 500 |
|
|
|a Includes index.
|
| 541 |
|
|
|e 5830
|
| 650 |
|
|
|a Strategic planning.
|9 17306
|
| 650 |
|
|
|a Creative thinking.
|9 17307
|
| 650 |
|
|
|a Creative ability in business.
|9 17308
|
| 942 |
|
|
|2 ddc
|c BK
|
| 999 |
|
|
|c 36588
|d 36588
|
| 952 |
|
|
|0 0
|1 0
|2 ddc
|4 0
|6 658_400000000000000_012_GAR
|7 0
|9 57574
|a SCL
|b SCL
|c GEN
|d 2016-01-11
|g 670.00
|l 0
|o 658.4012 GAR
|p 3020005830
|r 2016-01-11
|t 1
|w 2016-01-11
|y BK
|